| 000 | 00827nam a2200229Ia 4500 | ||
|---|---|---|---|
| 005 | 20250108125013.0 | ||
| 008 | 008 250107s9999 xx 000 0 hin d | ||
| 020 | _a978-81-957345-1-1 | ||
| 037 | _aTB | ||
| 040 |
_aCRL _bhin _cCRL |
||
| 041 |
_ahin _2hin |
||
| 084 | _aV218:73 R1 | ||
| 084 | _qCRL | ||
| 100 | _aबरनवाल, कविता, ले. | ||
| 245 | 0 |
_aगर्भावस्था में योगाभ्यास _cबरनवाल, कविता, ले. |
|
| 260 |
_aबिहार, भारत _bयोग पब्लिकेशन्स ट्रस्ट _c2965 |
||
| 300 | _a88पृ0 | ||
| 365 |
_aINR _b400 |
||
| 650 | _aआध्यात्मिक अनुभव और रहस्यवाद | ||
| 942 |
_cTB _hV218:73 R1 |
||
| 999 |
_c1235353 _d1235353 |
||